000 01363nam a22003017i 4500
003 EG-GICUC
005 20260301082041.0
008 260301t1994 ua|||||f |||| 00| 0 eng d
040 _a EG-GICUC
_bara
_c EG-GICUC
_d EG-GICUC
_erda
043 _af-ua---
082 0 4 _221
_a343.3653
092 0 4 _221
099 _aLaw1 10 343.3653 م ح . ت 1994
100 0 _aمحمد هشام أبو الفتوح
243 _aروح القانون
245 1 2 _aالتعليق على المادة 36 مكررا من القرار بقانون رقم 57 لسنة 1959 بشأن حالات وإجراءات الطعن أما محكمة النقض (المضافة بالقانون رقم 23 لسنة 1992) /
_cمحمد هشام أبو الفتوح
264 _aطنطا:
_bمطبعة جامعة طنطا;
_c1994.
300 _a97; صفحة
_c24 سم
336 _2rda content
_atext
337 _2rda media
_aComputer
338 _2rda carrier
_aOnline Resource
500 _aروح القانون :مجلة علمية تصدر عن أعضاء هيئة التدريس - كلية الحقوق جامعة طنطا العدد التاسع:يناير 1993
650 1 4 _aالطعن فى أوامر التصرف في التحقيق
_2qrmak
651 1 _2qrmak
856 4 0 _uhttps://fll.law.cu.edu.eg/fulltext/bks/B10-08870.pdf
905 _a17
942 _2ddc
_cBK
_e21
_n0
999 _c64463
_d64463